000 00670nam a2200277Ia 4500
005 20260324114854.0
008 008 260324s9999 xx 000 0 eng d
020 _a9781315147901
037 _aEBOOK
040 _aCRL
040 _beng
040 _cCRL
041 _2eng
041 _aeng
084 _qCRL
100 _aW. Cary Huffman; Jon-Lark Kim; Patrick Solé
_91152483
245 0 _aConcise Encyclopedia of Coding Theory
260 _bTaylor and Francis
260 _c2021
365 _a
365 _b465
856 _uhttp://www.taylorfrancis.com/books/9781315147901
942 _cEBOOK
999 _c1742926
_d1742926